|
|
|
|
| LEADER |
00000nam a2200000 4500 |
| 001 |
vtls012291715 |
| 003 |
SK-MaSNL |
| 005 |
20260302100038.0 |
| 008 |
260218s2023 xo oa g f 000 0 slo |
| 020 |
|
|
|a 9788057046974
|q (viazané)
|
| 040 |
|
|
|a SNK
|b slo
|c SNK
|e rda
|
| 041 |
0 |
|
|a slo
|
| 044 |
|
|
|a xo
|c SK
|
| 072 |
|
7 |
|2 konspekt
|
| 080 |
|
|
|2 2011
|
| 100 |
1 |
|
|a Balková, Darina
|4 aut
|9 513469
|
| 245 |
1 |
0 |
|a Posolstvá lásky
|n 3. časť
|p Pokora a pýcha
|c Darina Balková
|
| 250 |
|
|
|a Prvé vydanie
|
| 264 |
|
1 |
|a [Hamuliakovo]
|b Ing. Darina Balková
|c [2023]
|
| 264 |
|
4 |
|c ©2023
|
| 300 |
|
|
|a 394 strán
|b fotografie, ilustrácie
|c 24 cm
|
| 336 |
|
|
|a text
|b txt
|2 rdacontent
|
| 337 |
|
|
|a bez média
|b n
|2 rdamedia
|
| 338 |
|
|
|a zväzok
|b nc
|2 rdacarrier
|
| 500 |
|
|
|a Miesto vydania podľa NA ISBN, v tiráži uvedené: Bratislava
|
| 700 |
1 |
|
|a Guldan, Marko Karol
|4 pht
|9 769997
|
| 700 |
1 |
|
|a Schniererová, Miriama
|4 ill
|9 626298
|
| 700 |
1 |
|
|a Minarčíková, Zuzana
|4 ill
|4 pht
|9 513473
|
| 700 |
1 |
|
|a Palšovičová, Beata
|4 ill
|9 769998
|
| 700 |
1 |
|
|a Kadlec, Stanislav
|4 pht
|9 510946
|
| 700 |
1 |
|
|a Guldan, Karol
|4 pht
|9 676982
|
| 700 |
1 |
|
|a Yıldız, Lucia
|4 pht
|9 626302
|
| 852 |
|
|
|a Slovenská národná knižnica
|
| 919 |
|
|
|a 978-80-570-4697-4
|
| 999 |
|
|
|c 1219049
|d 1220979
|
| 952 |
|
|
|a SNK
|b SNK
|y NEVYP
|7 1
|p 17A1507925
|o snkSC 213352
|i snk2026/2591
|8 0
|0 0
|1 0
|4 0
|d 2026-02-18
|l 0
|r 2026-02-24 23:39:33
|w 2026-02-24
|